[Event "AUTO-BEG-298"]
[Site "http://www.queenalice.com/game.php?id=553539"]
[Date "2009.3.10"]
[Round "1"]
[White "HardCorePawn"]
[Black "aldav"]
[Result "0-1"]
[WhiteElo "1208"]
[BlackElo "1480"]

1. b4 e5 2. Ba3 a6 3. g3 Nf6 4. Nc3 c6 5. Bh3 h5 6. g4 hxg4 7. Bxg4 Nxg4 8. Ne4
d5 9. f3 Qh4+ 10. Nf2 Qxf2# 0-1

[Event "AUTO-BEG-298"]
[Site "http://www.queenalice.com/game.php?id=553540"]
[Date "2009.3.10"]
[Round "1"]
[White "aldav"]
[Black "HardCorePawn"]
[Result "1-0"]
[WhiteElo "1609"]
[BlackElo "1210"]

1. d4 g6 2. Nf3 Bh6 3. e4 Bxc1 4. Qxc1 c6 5. c4 b5 6. c5 Ba6 7. Bd3 h6 8. b4 f5
9. exf5 d6 10. fxg6 e5 11. g7 Rh7 12. Bxh7 Ne7 13. Qxh6 Ng8 14. Bxg8 dxc5 15.
Nxe5 Qxd4 16. Bf7+ Ke7 17. Qe6+ Kd8 18. g8=Q+ Kc7 19. Qe7+ Kb6 20. Qgd8+ Qxd8
21. Qxd8+ Kb7 22. bxc5 b4 23. Na3 bxa3 24. Rb1+ Bb5 25. Rxb5+ cxb5 26. Bd5+ Ka6
27. Bxa8 b4 28. Qxb8 b3 29. Qxb3 Ka5 30. Nc6+ Ka6 31. Qb7# 1-0

[Event "AUTO-BEG-298"]
[Site "http://www.queenalice.com/game.php?id=553543"]
[Date "2009.3.10"]
[Round "1"]
[White "HardCorePawn"]
[Black "MsDayton"]
[Result "0-1"]
[WhiteElo "1177"]
[BlackElo "1872"]

1. b4 d5 2. c3 e5 3. Qa4+ Bd7 4. b5 c6 5. bxc6 bxc6 6. Ba3 Bxa3 7. Qxa3 Nf6 8.
d4 exd4 9. cxd4 Qb6 10. Nc3 Qxd4 11. Rc1 c5 12. Rd1 Qb4 13. Qc1 d4 14. a3 Qxc3+
15. Qxc3 dxc3 16. Rc1 O-O 17. Rxc3 Ne4 18. Rc4 Nd6 19. Rxc5 Na6 20. Ra5 Nc7 21.
e3 Rab8 22. Rxa7 Rb1+ 23. Ke2 Bb5+ 24. Kf3 Ne6 25. Bxb5 Nxb5 26. Re7 Nxa3 27. h4
Nc4 28. Rd7 Ne5+ 29. Ke4 Nxd7 30. f4 f5+ 31. Kd3 Ndc5+ 32. Kc4 Rc8 33. h5 Ne4+
34. Kd5 Rd1+ 35. Kxe6 g6 36. Ne2 Re8# 0-1

[Event "AUTO-BEG-298"]
[Site "http://www.queenalice.com/game.php?id=553544"]
[Date "2009.3.10"]
[Round "1"]
[White "MsDayton"]
[Black "HardCorePawn"]
[Result "1-0"]
[WhiteElo "1879"]
[BlackElo "1189"]

1. e4 d6 2. d4 c5 3. dxc5 Qa5+ 4. Nc3 Qxc5 5. Be3 Qa5 6. Qd2 Bg4 7. f3 Bh5 8.
Bd3 f6 9. Nge2 f5 10. exf5 g5 11. Bxg5 Bg7 12. O-O h6 13. Bh4 b6 14. Be4 d5 15.
Bxd5 Nc6 16. Bxc6+ Kf7 17. Bxa8 Qxf5 18. Qd5+ e6 19. Qd7+ Ne7 20. Qxe7+ Kg8 21.
Be4 Qc5+ 22. Bf2 Qxe7 23. Rad1 Be5 24. f4 Bf6 25. Ng3 Be8 26. f5 Qb4 27. fxe6
Qxb2 28. Nd5 Qxa2 29. Nxf6+ Kf8 30. Nd7+ Ke7 31. Bd5 Qxc2 32. Nf5+ Kd8 33. Bh4+
Kc7 34. Rc1 Bg6 35. Rxc2# 1-0

[Event "Challenge"]
[Site "http://www.queenalice.com/game.php?id=563051"]
[Date "2009.3.28"]
[Round "-"]
[White "HardCorePawn"]
[Black "ShahMaster"]
[Result "0-1"]
[WhiteElo "1175"]
[BlackElo "2034"]

1. b3 d5 2. c4 e5 3. Ba3 Bxa3 4. Nxa3 Nf6 5. g3 c6 6. b4 dxc4 7. Nxc4 Qd5 8. Nf3
Qxc4 9. e3 Qd5 10. d3 e4 11. Nd4 exd3 12. f3 O-O 13. Qa4 Bd7 14. Qb3 Qxb3 15.
axb3 Nd5 16. Kd2 Nxb4 17. e4 g6 18. Kc3 c5 19. Rd1 a5 20. Rg1 cxd4+ 21. Kxd4
N8c6+ 22. Ke3 Ne5 23. f4 Ng4+ 24. Kf3 Nxh2+ 25. Kf2 Nxf1 26. Kxf1 Rad8 27. f5
gxf5 28. exf5 Bxf5 29. Ra1 d2 30. Ke2 Bg4+ 31. Kf2 d1=Q 32. Rxa5 Qe2# 0-1

[Event "AUTO-OPEN-1520"]
[Site "http://www.queenalice.com/game.php?id=574231"]
[Date "2009.4.19"]
[Round "1"]
[White "fabke007"]
[Black "HardCorePawn"]
[Result "1-0"]
[WhiteElo "2107"]
[BlackElo "1192"]

1. e4 g6 2. g3 b6 3. Bg2 Bh6 4. d3 Bxc1 5. Qxc1 Bb7 6. Ne2 h5 7. Nbc3 Ba6 8. O-O
Nc6 9. f4 f5 10. exf5 gxf5 11. Qe3 Rh6 12. Nd5 Nf6 13. Nd4 Nxd4 14. Qxd4 h4 15.
Rae1 Bb7 16. Nxf6+ Kf8 17. Bxb7 Rb8 18. Nxd7+ Ke8 19. Nf6+ Kf7 20. Bd5+ e6 21.
Bxe6+ Kg6 22. Nd7 Rb7 23. Qe5 Qf6 24. Nxf6 a5 25. Qxf5+ Kg7 26. Ne8+ Kh8 27.
Qf8+ Kh7 28. Qg7# 1-0

[Event "AUTO-OPEN-1520"]
[Site "http://www.queenalice.com/game.php?id=574232"]
[Date "2009.4.19"]
[Round "1"]
[White "HardCorePawn"]
[Black "fabke007"]
[Result "0-1"]
[WhiteElo "1217"]
[BlackElo "2099"]

1. b3 Nf6 2. g3 g6 3. Bb2 Bg7 4. Bg2 O-O 5. a4 d6 6. Bh3 Bd7 7. Bxd7 Qxd7 8. e3
Nc6 9. Bxf6 Bxf6 10. Ra2 Nb4 11. Ra3 Qc6 12. Nf3 Nxc2+ 13. Ke2 Nxa3 14. Nxa3 a6
15. Nc4 b5 16. axb5 axb5 17. Nb2 Bxb2 18. Qb1 Bf6 19. Rc1 Qb7 20. h4 c5 21. g4
b4 22. g5 Bg7 23. d4 cxd4 24. exd4 Rfc8 25. Rd1 Rc3 26. Nd2 Bxd4 27. Rh1 Qd5 28.
f3 Re3+ 29. Kd1 Bc3 30. Rh3 Qxd2# 0-1

[Event "AUTO-OPEN-1520"]
[Site "http://www.queenalice.com/game.php?id=574257"]
[Date "2009.4.19"]
[Round "1"]
[White "HardCorePawn"]
[Black "Gera"]
[Result "0-1"]
[WhiteElo "1208"]
[BlackElo "1898"]

1. c4 g6 2. b3 Bg7 3. d4 b6 4. g3 Bb7 5. f3 Nc6 6. d5 Bxa1 7. dxc6 Bxc6 8. Ba3
Bg7 9. Bh3 Nf6 10. b4 O-O 11. g4 Bb7 12. g5 Nh5 13. Bxd7 Nf4 14. b5 Be5 15. e3
Ng2+ 16. Kf2 Nh4 17. Qd5 Bxd5 18. Bg4 Bxc4 19. f4 Bg7 20. Be2 Bxe2 21. Nxe2 Qd5
22. Rc1 Qg2+ 23. Ke1 Rfd8 24. Bxe7 Nf3# 0-1

[Event "AUTO-OPEN-1520"]
[Site "http://www.queenalice.com/game.php?id=574258"]
[Date "2009.4.19"]
[Round "1"]
[White "Gera"]
[Black "HardCorePawn"]
[Result "1-0"]
[WhiteElo "1979"]
[BlackElo "1192"]

1. d4 h6 2. e4 b6 3. c4 c5 4. d5 Ba6 5. Nc3 b5 6. cxb5 Bb7 7. Bc4 Qc7 8. Nge2
Qd6 9. Na4 a6 10. Bf4 Qg6 11. Ng3 f5 12. e5 Qg4 13. Qd2 g5 14. Nb6 Qxf4 15. Qxf4
gxf4 16. Nxa8 Bxa8 17. Nxf5 e6 18. Nh4 Bxd5 19. b3 Bxc4 20. bxc4 axb5 21. cxb5
d5 22. Ng6 Rh7 23. Nxf4 c4 24. Nxe6 Bb4+ 25. Ke2 d4 26. Nxd4 c3 27. a3 Bc5 28.
Nc6 Nd7 29. Rhc1 Ne7 30. Ra2 Rg7 31. Kf1 Nf5 32. Rxc3 Nxe5 33. Rxc5 Nxc6 34.
bxc6 Kd8 35. Rxf5 Rc7 36. Rd5+ Kc8 37. Rd6 h5 38. a4 h4 39. a5 Kb8 40. Rb2+ 1-0

[Event "AUTO-BEG-309"]
[Site "http://www.queenalice.com/game.php?id=574584"]
[Date "2009.4.19"]
[Round "1"]
[White "HardCorePawn"]
[Black "Chemiker"]
[Result "0-1"]
[WhiteElo "1206"]
[BlackElo "1249"]

1. g3 e5 2. Nf3 Nc6 3. b3 d5 4. Bb2 e4 5. Nd4 Nxd4 6. Bxd4 Bf5 7. h4 Nf6 8. Bxf6
gxf6 9. Bh3 Qd7 10. e3 O-O-O 11. g4 Be6 12. a4 f5 13. gxf5 Bxf5 14. Qh5 Bxh3 15.
f4 Bg4 16. Qe5 Bd6 17. Qxd5 Bf3 18. Rh3 c6 19. Qd3 exd3 20. Rxf3 Qg4 21. Kf2
dxc2 22. Nc3 Ba3 23. Rxa3 c1=Q 24. Ra2 Qgg1+ 25. Ke2 Qge1# 0-1

[Event "AUTO-BEG-309"]
[Site "http://www.queenalice.com/game.php?id=574585"]
[Date "2009.4.19"]
[Round "1"]
[White "Chemiker"]
[Black "HardCorePawn"]
[Result "1-0"]
[WhiteElo "1291"]
[BlackElo "1231"]

1. e4 g6 2. d4 Bh6 3. Bxh6 Nxh6 4. Nf3 Ng4 5. h3 Nh6 6. Bc4 e6 7. Nc3 d5 8. exd5
exd5 9. Bxd5 c6 10. Bc4 Rf8 11. Qd2 g5 12. Nxg5 f6 13. Nxh7 Rf7 14. Bxf7+ Kxf7
15. d5 Kg7 16. Qd3 Qxd5 17. Nxd5 b5 18. Nc7 Bb7 19. Nxa8 Bxa8 20. O-O-O a5 21.
b3 a4 22. bxa4 bxa4 23. Qe4 Nd7 24. Rxd7+ Nf7 25. g4 c5 26. Qxa8 c4 27. Qf8+
Kxh7 28. Qxf7+ Kh6 29. Qxf6# 1-0

[Event "AUTO-BEG-309"]
[Site "http://www.queenalice.com/game.php?id=574586"]
[Date "2009.4.19"]
[Round "1"]
[White "HardCorePawn"]
[Black "bbking"]
[Result "0-1"]
[WhiteElo "1224"]
[BlackElo "1263"]

1. c4 e5 2. b3 d5 3. Bb2 Nf6 4. Bxe5 Nc6 5. f4 Bd6 6. Bxd6 Qxd6 7. g3 Be6 8. d4
dxc4 9. Bh3 O-O-O 10. Bxe6+ Qxe6 11. a4 Qe4 12. Nf3 Nxd4 13. Nbd2 Nxb3 14. Ra2
Nxd2 15. h4 Nxf3+ 16. Kf1 Rxd1+ 17. Kg2 Nxh4+ 18. Kh3 Rxh1# 0-1

[Event "AUTO-BEG-309"]
[Site "http://www.queenalice.com/game.php?id=574587"]
[Date "2009.4.19"]
[Round "1"]
[White "bbking"]
[Black "HardCorePawn"]
[Result "1-0"]
[WhiteElo "1335"]
[BlackElo "1215"]

1. e4 g6 2. d4 Bh6 3. Bxh6 Nxh6 4. Nf3 e6 5. Bc4 Ng4 6. O-O h5 7. e5 h4 8. h3
Nh6 9. Nxh4 Nf5 10. Nxf5 gxf5 11. Nc3 Qh4 12. d5 Qxc4 13. dxe6 Qxe6 14. f4 Qc4
15. Nd5 b5 16. b3 Qc5+ 17. Rf2 c6 18. Nc7+ Kd8 19. Nxa8 Bb7 20. Qd6 Na6 21. Qf6+
Qe7 22. Qxh8+ Qe8 23. Qf6+ Kc8 24. Qxf5 Nb4 25. Rd1 Bxa8 26. g4 Kb8 27. Rxd7 Kc8
28. Re7+ Kd8 29. Rxa7 Na6 30. Rxa8+ Nb8 31. Rxb8+ Ke7 32. Rxe8+ Kxe8 33. Qc8+
Ke7 34. Qxc6 1-0